00650cam a22001097a 4500008004000000082001400040245018100054260013400235300000900369650003700378700012500415180718b1994 xxu||||| |||| 00| 0 eng d aVx54 So13 aSocial audit of public services and programmes: an enquirycby Department of Administrative Reforms and Public Grievances, Ministry of Personnel, Public Grievances and Pensions aNew DelhibDepartment of Adminstrative Reforms and Public Grievances, Ministry of Personnel, Public Grievances and Pensionsc1994 av.p. aCounty services - Social aspects aIndia. Ministry of Personnel, Public Grievances and Pensions. Department of Administrative Reforms and Public Grievances